KOROZE A PROTIKOROZNÍ OCHRANA ÚLOŽNÝCH ZAŘÍZENÍ

Bibliographic Details
Main Author: Kittner, Zdeněk (Author)
Format: Article
Language:Czech

MARC

LEADER 00000nab a2200000uu 4500
001 vtls010895246
003 SK-MaSNL
005 20260303141743.0
008 230222|1970 xo |||||||||||||||||cze|
015 |a SNBRB 
035 |a (urnnbn)urn:nbn:sk:snk:ar-006hv6 
035 |a (uuid)9e699190-8ca4-45f8-af7c-189f4927acb9 
035 |a urn:nbn:sk:snk-ab8o6q 
040 |a SNKBUCL  |b slo  |c SNKBUCL  |e AACR2 
041 0 |a cze 
044 |a xo  |c SK 
100 1 |a Kittner, Zdeněk  |4 aut  |9 292769 
245 1 0 |a KOROZE A PROTIKOROZNÍ OCHRANA ÚLOŽNÝCH ZAŘÍZENÍ  |c Zdeněk Kittner 
773 0 |t Stavebnícky časopis : mesačník pre teoretické problémy stavebných látok a konštrukcií  |g Roč. 18, č. 9 (1970), s. 740-742 
958 |a OND 
958 |a EUIPO 
958 |a article10 
999 |c 1978508  |d 1980438